000 00984cam a2200205 4500
001 WB3937-02
008 030930n2003 000 0 eng u
035 _a(Sirsi) u123784
245 _aNoise considered a design priority
260 _c2003
490 _aPlanning (for the Natural and Built Environment)
_v(1538) 26 September 2003, 3(1)
520 _aA study by architectural lobby group Design for Homes has found noise to be the main concern of people living in homes built to the density levels of PPG3. These problems were found to arise because of poor construction, detailing of party walls or by having windows of adjacent properties too close together, rather than by the density of housing. The findings are to be presented at ODPM-backed workshops. For more information e [email protected].
590 _aWB
650 _aPPG3
650 _aDESIGN FOR HOMES
650 _aNOISE
650 _aHOUSING DENSITY
690 _aBUILT ENVIRONMENT
942 _n0
999 _c73507
_d73507